Building construction (Record no. 113128)

MARC details
000 -LEADER
fixed length control field 00718cam a22002055a 4500
001 - CONTROL NUMBER
control field L154751
008 - FIXED-LENGTH DATA ELEMENTS--GENERAL INFORMATION
fixed length control field 120117s1947 xxk f 000 0 eng d
035 ## - SYSTEM CONTROL NUMBER
System control number (Sirsi) u154751
041 0# - LANGUAGE CODE
Language code of text/sound track or separate title eng
100 1# - MAIN ENTRY--PERSONAL NAME
Personal name Mitchell, George A.
245 00 - TITLE STATEMENT
Title Building construction
Remainder of title a text book on the principles and details of modern construction for the use of students and practical men, part 2 advanced course
250 ## - EDITION STATEMENT
Edition statement 16th ed.
260 ## - PUBLICATION, DISTRIBUTION, ETC.
Place of publication, distribution, etc. London
Name of publisher, distributor, etc. B. T. Batsford
Date of publication, distribution, etc. 1947
300 ## - PHYSICAL DESCRIPTION
Extent xxiii, 1127p.
Other physical details ill.
Dimensions 19cm.
520 ## - SUMMARY, ETC.
Summary, etc. Contains information on building materials and methods of construction.
651 #4 - SUBJECT ADDED ENTRY--GEOGRAPHIC NAME
Geographic name United Kingdom
Chronological subdivision
690 ## - LOCAL SUBJECT ADDED ENTRY--TOPICAL TERM (OCLC, RLIN)
Topical term or geographic name as entry element Construction management
9 (RLIN) 6230
700 1# - ADDED ENTRY--PERSONAL NAME
Personal name Mitchell, A. M.
942 ## - ADDED ENTRY ELEMENTS (KOHA)
Suppress in OPAC 0
Holdings
Withdrawn status Lost status Source of classification or shelving scheme Damaged status Not for loan Home library Current library Shelving location Date acquired Total Checkouts Full call number Barcode Date last seen Copy number Price effective from Koha item type
    Dewey Decimal Classification     London London Basement 17/01/2012   RESERVE 30077128 06/08/2019 1 06/08/2019 Book